[Event "Poznan op 24th"]
[Site "Poznan"]
[Date "2016.08.15"]
[Round "9"]
[White "Tamon, Agata"]
[Black "Szych, Adam"]
[Result "1/2-1/2"]
[WhiteElo "1110"]
[BlackElo "1493"]
[PlyCount "105"]
[EventDate "2016.08.08"]
[EventType "swiss"]
[EventRounds "9"]
[EventCountry "POL"]
[SourceTitle "EXT 2017"]
[Source "ChessBase"]
[SourceDate "2016.10.25"]
[SourceVersion "1"]
[SourceVersionDate "2016.10.25"]
[SourceQuality "1"]

1. e4 e5 2. Nf3 Nc6 3. d4 exd4 4. Nxd4 Bb4+ 5. c3 Bc5 6. Be3 Bb6 7. Bc4 Nf6 8. f3 d6 9. 0-0 0-0 10. Bf2 Nh5 11. Qd2 Nf6 12. Na3 Qe7 13. Nac2 Rd8 14. Bb3 Na5 15. Rad1 Nxb3 16. Nxb3 Bxf2+ 17. Qxf2 Be6 18. Ncd4 Nh5 19. Nxe6 Qxe6 20. Qh4 Nf6 21. Rfe1 Nd7 22. Rd2 Ne5 23. Rc2 Qg6 24. Qh3 d5 25. Rd2 dxe4 26. Rxd8+ Rxd8 27. fxe4 h6 28. Qf5 Qb6+ 29. Kh1 Nd3 30. Re2 Nf4 31. Re1 Qf2 32. Rg1 Nd3 33. h3 Qxf5 34. exf5 Nxb2 35. Nc1 Rd1 36. Rxd1 Nxd1 37. Ne2 Kf8 38. Kg1 Ke7 39. Kf1 Ne3+ 40. Kf2 Nxf5 41. g4 Nd6 42. Ke3 Ke6 43. Kd4 f5 44. Nf4+ Kd7 45. Ke5 fxg4 46. hxg4 c6 47. Ne2 Ke7 48. Nd4 g6 49. Kf4 Kf6 50. Nf3 Nc4 51. g5+ hxg5+ 52. Nxg5 Ne3 53. Ne4+ 1/2-1/2

[Event "Poznan op 24th"]
[Site "Poznan"]
[Date "2016.08.14"]
[Round "8"]
[White "Szych, Adam"]
[Black "Kaluzny, Stanislaw"]
[Result "0-1"]
[WhiteElo "1493"]
[BlackElo "1332"]
[PlyCount "58"]
[EventDate "2016.08.08"]
[EventType "swiss"]
[EventRounds "9"]
[EventCountry "POL"]
[SourceTitle "EXT 2017"]
[Source "ChessBase"]
[SourceDate "2016.10.25"]
[SourceVersion "1"]
[SourceVersionDate "2016.10.25"]
[SourceQuality "1"]

1. e4 c5 2. Nf3 Nc6 3. d4 cxd4 4. Nxd4 Nf6 5. Nc3 d6 6. Bc4 e6 7. Be3 Be7 8. Bb3 0-0 9. Qe2 a6 10. 0-0-0 Nxd4 11. Bxd4 b5 12. g4 e5 13. Bxe5 Bxg4 14. f3 Bh5 15. Bxd6 Bxd6 16. e5 b4 17. Rxd6 Qc7 18. Na4 Rfe8 19. Qg2 Bg6 20. f4 Be4 21. Qg3 Bxh1 22. Rxf6 Re7 23. Nb6 Rd8 24. Rxf7 Rxf7 25. e6 Re7 26. Nd7 Kh8 27. Qg5 Qd6 28. Qf5 Rexd7 29. exd7 Rxd7 0-1

[Event "POL-chT U19 Wielkopolskie"]
[Site "Poland"]
[Date "2016.02.14"]
[Round "3.8"]
[White "Szych, Adam"]
[Black "Naworski, Adam"]
[Result "1/2-1/2"]
[WhiteElo "1361"]
[BlackElo "1347"]
[PlyCount "50"]
[EventDate "2016.02.13"]
[EventType "team-tourn"]
[EventRounds "9"]
[EventCountry "POL"]
[SourceTitle "EXT 2019"]
[Source "ChessBase"]
[SourceDate "2018.10.10"]
[SourceVersion "1"]
[SourceVersionDate "2018.10.10"]
[SourceQuality "1"]

1. e4 e6 2. d4 d5 3. Nd2 Nf6 4. e5 Nfd7 5. Bd3 c5 6. c3 Nc6 7. Ne2 Qb6 8. Nf3 cxd4 9. cxd4 Bb4+ 10. Bd2 Bxd2+ 11. Qxd2 Qb4 12. a3 Qxd2+ 13. Kxd2 Na5 14. Kc2 Nb6 15. b3 Bd7 16. Kb2 h6 17. Rac1 Ke7 18. Rc5 Nc6 19. Nd2 Rac8 20. f4 a5 21. Bb5 Na7 22. Bxd7 Nxd7 23. Rcc1 Rxc1 24. Nxc1 b5 25. Nd3 g6 1/2-1/2

[Event "Poznan op 23rd"]
[Site "Poznan"]
[Date "2015.08.16"]
[Round "8"]
[White "Szych, Adam"]
[Black "Butyrowski, Marcel"]
[Result "1/2-1/2"]
[WhiteElo "1258"]
[BlackElo "1595"]
[PlyCount "86"]
[EventDate "2015.08.10"]
[EventType "swiss"]
[EventRounds "9"]
[EventCountry "POL"]
[SourceTitle "CBM 167 Extra"]
[Source "ChessBase"]
[SourceDate "2015.09.14"]
[SourceVersion "1"]
[SourceVersionDate "2015.09.14"]
[SourceQuality "1"]

1. e4 c5 2. Nf3 Nc6 3. Bb5 g6 4. 0-0 Bg7 5. c3 Nf6 6. e5 Nd5 7. d4 cxd4 8. cxd4 0-0 9. Nc3 Nc7 10. Ba4 a6 11. Bxc6 dxc6 12. Be3 Be6 13. Qd2 Nd5 14. Bh6 Bg4 15. Bxg7 Kxg7 16. Ng5 h6 17. Nge4 Bf5 18. Ng3 Qd7 19. Nxf5+ Qxf5 20. Nxd5 cxd5 21. Rac1 Rac8 22. f3 Qd7 23. Rxc8 Rxc8 24. Rc1 Rxc1+ 25. Qxc1 Qa4 26. Qc3 Qxa2 27. Qb4 Qb1+ 28. Kf2 Qc2+ 29. Kg3 Qc7 30. Kf4 g5+ 31. Kg4 Kg6 32. Qb3 f5+ 33. Kg3 Qc1 34. Qb6+ Qc6 35. Qxc6+ bxc6 36. f4 g4 37. h3 h5 38. Kh4 e6 39. b4 Kh6 40. Kg3 Kg6 41. Kh4 Kh6 42. Kg3 Kg6 43. Kh4 Kh6 1/2-1/2

[Event "Poznan op 23rd"]
[Site "Poznan"]
[Date "2015.08.13"]
[Round "4"]
[White "Szych, Adam"]
[Black "Szkudlarek, Karol"]
[Result "1/2-1/2"]
[WhiteElo "1258"]
[BlackElo "1454"]
[PlyCount "153"]
[EventDate "2015.08.10"]
[EventType "swiss"]
[EventRounds "9"]
[EventCountry "POL"]
[SourceTitle "CBM 167 Extra"]
[Source "ChessBase"]
[SourceDate "2015.09.14"]
[SourceVersion "1"]
[SourceVersionDate "2015.09.14"]
[SourceQuality "1"]

1. e4 c5 2. Nf3 Nc6 3. d4 cxd4 4. Nxd4 d6 5. Nc3 e5 6. Nb3 Nf6 7. Be2 Be7 8. 0-0 0-0 9. Be3 a6 10. f4 b5 11. a3 Na5 12. Nxa5 Qxa5 13. Nd5 Nxd5 14. Qxd5 Be6 15. Qb7 Qd8 16. f5 Qd7 17. Qxd7 Bxd7 18. Rac1 Bc6 19. Bf3 Rab8 20. b4 g6 21. g4 Kg7 22. Bg2 h6 23. f6+ Bxf6 24. Bxh6+ Kxh6 25. Rxf6 Bd7 26. h3 Be6 27. Bf1 Kg5 28. Rf2 Rbc8 29. Kg2 Rc3 30. Rd1 Rxa3 31. Rxd6 Rc8 32. Rfd2 Ra4 33. Bd3 Rc3 34. Rd1 Rca3 35. Rb1 Ra1 36. Rxa1 Rxa1 37. Rc6 Ra2 38. Kg3 Kf6 39. h4 Ke7 40. h5 gxh5 41. gxh5 Kf8 42. h6 Kg8 43. Kh4 Kh7 44. Kg5 Ra1 45. Be2 Rg1+ 46. Kf6 Kxh6 47. Kxe5 Ra1 48. c4 bxc4 49. Bxc4 Rc1 50. Kd4 Kg7 51. Bd5 Rxc6 52. Bxc6 Kf6 53. Bb7 Ke7 54. Bxa6 f6 55. Bc4 Bc8 56. Bd3 Kd6 57. Bc4 Bb7 58. b5 Bc8 59. Bd5 Bd7 60. Bc4 Bc8 61. Bd5 Bd7 62. b6 Be8 63. b7 Kc7 64. Ke3 Bd7 65. Kf4 Bh3 66. Kg3 Bd7 67. Kh4 Be8 68. Kg4 Bg6 69. Kh4 Be8 70. Kg3 Bg6 71. Kf4 Bh7 72. Ke3 Bg6 73. Kd4 Be8 74. Kc5 Ba4 75. Kb4 Bd1 76. Ka5 Be2 77. Bc6 1/2-1/2

[Event "Poznan op 23rd"]
[Site "Poznan"]
[Date "2015.08.12"]
[Round "3"]
[White "Kiwilsza, Piotr"]
[Black "Szych, Adam"]
[Result "1-0"]
[WhiteElo "1699"]
[BlackElo "1258"]
[PlyCount "55"]
[EventDate "2015.08.10"]
[EventType "swiss"]
[EventRounds "9"]
[EventCountry "POL"]
[SourceTitle "CBM 167 Extra"]
[Source "ChessBase"]
[SourceDate "2015.09.14"]
[SourceVersion "1"]
[SourceVersionDate "2015.09.14"]
[SourceQuality "1"]

1. e4 e5 2. Nc3 Nc6 3. f4 d6 4. Nf3 Nf6 5. Bc4 Be7 6. 0-0 0-0 7. d4 Bg4 8. dxe5 Bxf3 9. Rxf3 dxe5 10. Rd3 Bc5+ 11. Kh1 Qe7 12. Nd5 Nxd5 13. Bxd5 Nb4 14. Rh3 Nxd5 15. exd5 Rad8 16. Qh5 h6 17. f5 Qf6 18. Qg4 Kh7 19. Qe4 c6 20. c4 cxd5 21. cxd5 Rd6 22. Bd2 Rfd8 23. g4 Kg8 24. g5 hxg5 25. Rg3 Qe7 26. f6 gxf6 27. Rh3 Kf8 28. Rh8+ 1-0

[Event "Poznan op 22nd"]
[Site "Poznan"]
[Date "2014.08.14"]
[Round "7"]
[White "Chojnacki, Wojciech"]
[Black "Szych, Adam"]
[Result "1-0"]
[WhiteElo "1544"]
[BlackElo "1408"]
[PlyCount "31"]
[EventDate "2014.08.09"]
[EventType "swiss"]
[EventRounds "9"]
[EventCountry "POL"]
[SourceTitle "CBM 161 Extra"]
[Source "ChessBase"]
[SourceDate "2014.08.29"]
[SourceVersion "1"]
[SourceVersionDate "2014.08.29"]
[SourceQuality "1"]

1. e4 e5 2. Nf3 Nc6 3. d4 exd4 4. Nxd4 Nxd4 5. Qxd4 d6 6. Bd3 Nf6 7. 0-0 Be6 8. e5 dxe5 9. Qxe5 Bd6 10. Qb5+ c6 11. Qxb7 Bd7 12. Re1+ Be7 13. Qb4 Rb8 14. Rxe7+ Qxe7 15. Qxb8+ Qd8 16. Qxd8+ 1-0

[Event "Poznan op 22nd"]
[Site "Poznan"]
[Date "2014.08.10"]
[Round "2"]
[White "Sklepinski, Artur"]
[Black "Szych, Adam"]
[Result "1-0"]
[WhiteElo "1735"]
[BlackElo "1408"]
[PlyCount "53"]
[EventDate "2014.08.09"]
[EventType "swiss"]
[EventRounds "9"]
[EventCountry "POL"]
[SourceTitle "CBM 161 Extra"]
[Source "ChessBase"]
[SourceDate "2014.08.29"]
[SourceVersion "1"]
[SourceVersionDate "2014.08.29"]
[SourceQuality "1"]

1. d4 d5 2. Nf3 Nf6 3. c4 e6 4. Nc3 Nc6 5. Bf4 Bb4 6. e3 Ne4 7. Qc2 Nxc3 8. bxc3 Be7 9. c5 Bd7 10. Bd3 g6 11. a4 b6 12. cxb6 cxb6 13. 0-0 0-0 14. Qe2 Bc8 15. h3 Bd6 16. Bh6 Re8 17. Bb5 Bb7 18. Rfc1 Re7 19. Bg5 Na5 20. Bxe7 Qxe7 21. Nd2 Rc8 22. Rab1 Ba3 23. Rc2 a6 24. Bxa6 Qd7 25. Bxb7 Qxb7 26. Qb5 Rc6 27. Qxa5 1-0